| 000 | 00852nam a2200253 c 4500 | ||
|---|---|---|---|
| 001 | a5395363 | ||
| 003 | CO-ViMGA | ||
| 005 | 20230915232212.0 | ||
| 008 | 130909s2013 sp a | |||| 000 0dspa | ||
| 020 | _a9789587586343 | ||
| 040 |
_aCO-ViMGA _bspa _cCO-ViMGA |
||
| 041 | 1 | _heng | |
| 082 | 0 | 4 |
_a891.593 _bK66c |
| 100 | 1 |
_aKoofi, Fawzia _92521 |
|
| 240 | 1 | 0 |
_aLetters to my daughters _lEspañol |
| 245 | 1 | 0 |
_aCartas a mis hijas : _bla historia de la parlamentaria afgana que ha desafiado a los talibanes _cFawzia Koofi, con la colaboración de Nadene Gourhi ; [traducción, Jorge Salvetti] |
| 250 | _a1® ed. | ||
| 260 |
_aBogotá _bAguilar _c2014 |
||
| 300 |
_a338 p., [8] p. de lam. col. _c21 cm |
||
| 490 | 0 | _aCuadernos de memoria | |
| 600 | 1 | 7 |
_aKoofi, Fawzia _92521 |
| 651 | 7 |
_aAfganistán _xSituación social _2embne _92522 |
|
| 942 |
_2ddc _cBK |
||
| 999 |
_c33814 _d33814 |
||